Culture Générale - Série 105 - Statistiques

Statistiques générales
  • Ce quiz a été pris 640 fois
  • Le résultat moyen est 5 sur 10
Statistiques - réponses
Question Réponse % Correct
Dans quel pays, autre que la France, le Doubs coule-t-il ? Suisse
88%
Dans quel Etat des Etats-Unis se trouve la ville de Santa Barbara ? Californie
77%
Pour combien de temps sont élus les membres de l'Académie française ? A vie
71%
De quelle nationalité est l'écrivain Hans Christian Andersen ? Danoise
64%
Comment vient-on dans "la maison" de M. Le Forestier dans "San Francisco" ? A pied
62%
Dans le film "les Poupées russes" de Cédric Klapisch, qui incarne Xavier ? Romain Duris
45%
Quel genre cinématographique est mis à l'honneur au Festival de Gérardmer ? Fantastique
37%
En 2006, qui a mis en scène "Ben-Hur" au Stade de France ? Robert Hossein
20%
Quel animal était Jacques Chirac dans le "Bébête Show" ? Aigle
18%
Quel est le prénom de la fille, écrivain, de Bernard-Henri Lévy ? Justine
11%
Aucun quiz correspondant
Distribution des résultats
% des personnes avec chaque résultat
Percentile par nombre de réponses
Votre historique - résultats
Vous n’avez pas pris ce quiz